Histoire des idées littéraires en France (Record no. 159613)

MARC details
000 -LEADER
campo de control de longitud fija 00800nam a2200193 i 4500
001 - NÚMERO DE CONTROL
campo de control 159613
003 - IDENTIFICADOR DE NÚMERO DE CONTROL
campo de control ES-MaACL
005 - FECHA Y HORA DE LA ÚLTIMA TRANSACCIÓN
campo de control 20260306063016.0
008 - DATOS DE LONGITUD FIJA--INFORMACIÓN GENERAL
campo de control de longitud fija 010405s1863 fr |||| | fre d
100 1# - ENTRADA PRINCIPAL--NOMBRE DE PERSONA
Nombre de persona Michiels, Alfred,
Fechas asociadas al nombre 1813-1892
9 (RLIN) 129898
245 10 - MENCIÓN DEL TÍTULO
Título Histoire des idées littéraires en France
Resto del título : au XIXe siècle et de leurs origines dans les siècles antérieurs /
Mención de responsabilidad, etc. par Alfred Michiels.
250 ## - MENCION DE EDICION
Mención de edición 4e éd. très-augm. et continuée jusqu'en 1861.
260 ## - PUBLICACIÓN, DISTRIBUCIÓN, ETC.
Lugar de publicación, distribución, etc. Paris :
Nombre del editor, distribuidor, etc. E. Dentu, Éditeur,
Fecha de publicación, distribución, etc. 1863 (
Fabricante imprimé chez Bonaventure et Ducessois)
300 ## - DESCRIPCIÓN FÍSICA
Extensión 2 v. ([4], XII, 544 ; [4], 671 p.) ;
Dimensiones 22 cm.
650 #4 - PUNTO DE ACCESO ADICIONAL DE MATERIA--TÉRMINO DE MATERIA
Término de materia o nombre geográfico como elemento de entrada Literatura francesa-
Subdivisión general Historia y crítica
9 (RLIN) 14586
752 ## - ENTRADA AGREGADA--NOMBRE JERÁRQUICO DEL LUGAR
País o entidad superior Francia -
Ciudad París
852 ## - LOCALIZACIÓN
Ubicación ES-MaACL
Número de control de estantería G-8309-10
Nota libre - Enc. hol.
Holdings
Estatus retirado Estado de pérdida Estado de daño No para préstamo Colección Biblioteca de origen Biblioteca actual Ubicación en estantería Fecha de adquisición Total de préstamos Signatura topográfica completa Código de barras Visto por última vez Precio de reemplazo Tipo de ítem Koha
        Libros del s. XIX Biblioteca del Ateneo de Madrid Biblioteca del Ateneo de Madrid Sala Pecera Planta 3 17/01/2008   G-8309-10 1167093 23/02/2023 23/02/2023 Libro impreso antiguo